000 00982nas a2200313 4500
001 BR0300437
003 BR-BrBNA
005 20231205103527.0
007 ta
008 230509b bl.|||p| |||| 00| 00por d
040 _aBR-BrBNA
_bpor
_cBiblioteca Nacional de Agricultura
041 _a(Pt)
072 _aL70
100 1 _aBuquera, L.E.C.
100 1 _aPadilha Filho, J.G.
100 1 _aTalieri, I.C.
100 1 _aFurlani, J.M.
100 1 _aSelmi, A.L.
245 1 _aAvaliação clínica do joelho após estabilização extra-articular utilizando fáscia lata, fio de poliéster ou de náilon na ruptura do ligamento cruzado cranial em cães
650 _aCÃO
650 _aANATOMIA ANIMAL
650 _aCIRURGIA
650 _aLIGAMENTO
650 _aLESÃO
650 _aARTICULAÇÃO
773 0 _tVeterinária Notícias (Brazil)
_xISSN 0104-3463
_g(2002), v. 8(1) p. 27-34
_wBR0300437
909 _a202311
_bLúcia
_c55
_dLúcia Elande
942 _2AGRIS
_n0
_cANA
999 _c173340
_d173340